[Event "London Golders Green op U2200 5th"]
[Site "London"]
[Date "2015.01.17"]
[Round "2"]
[White "Shaw, Matthew H"]
[Black "Oyama, Akito"]
[Result "0-1"]
[WhiteElo "1887"]
[BlackElo "2055"]
[PlyCount "116"]
[EventDate "2015.01.17"]
[EventType "swiss"]
[EventRounds "5"]
[EventCountry "ENG"]
[SourceTitle "EXT 2018"]
[Source "ChessBase"]
[SourceDate "2017.10.13"]
[SourceVersion "1"]
[SourceVersionDate "2017.10.13"]
[SourceQuality "1"]

1. e4 c5 2. Nf3 Nc6 3. d4 cxd4 4. Nxd4 e5 5. Nb5 d6 6. N1c3 a6 7. Na3 Be6 8. Nc4 Be7 9. Ne3 Bg5 10. g3 Nge7 11. h4 Bxe3 12. Bxe3 d5 13. exd5 Nxd5 14. Bd2 0-0 15. Bg2 Nb6 16. b3 Qc7 17. Qh5 Nd4 18. 0-0 f5 19. Nd1 Bf7 20. Qg5 h6 21. Qe3 Nxc2 22. Rc1 Nxe3 23. Rxc7 Nxf1 24. Kxf1 Rad8 25. Ke1 Bd5 26. Bf1 Rc8 27. Re7 Rfe8 28. Rxe8+ Rxe8 29. Ba5 Nd7 30. Ne3 Be6 31. Bg2 e4 32. Bf1 Ne5 33. Kd2 Nf3+ 34. Kc3 Rc8+ 35. Kb2 g5 36. hxg5 hxg5 37. Nc4 b5 38. Nd6 Rc6 39. Nb7 Bc8 40. Nd8 Rd6 41. a4 bxa4 42. bxa4 Ne5 43. Kc3 Nd3 44. f3 Kf8 45. fxe4 fxe4 46. Bg2 Bf5 47. Nb7 Rd7 48. Nd8 Ke8 49. Nc6 Nc5 50. Bf1 Rd1 51. Be2 Rc1+ 52. Kb2 Nd3+ 53. Bxd3 Rxc6 54. Be2 e3 55. Bc3 Rb6+ 56. Ka3 Bc2 57. Bb4 Bg6 58. Bc5 Rf6 0-1

[Event "London Golders Green op 4th"]
[Site "London"]
[Date "2014.08.25"]
[Round "5"]
[White "Shaw, Matthew H"]
[Black "Hand, Freddie"]
[Result "1-0"]
[WhiteElo "1896"]
[BlackElo "1862"]
[PlyCount "97"]
[EventDate "2014.08.23"]
[EventType "swiss"]
[EventRounds "6"]
[EventCountry "ENG"]
[SourceTitle "EXT 2018"]
[Source "ChessBase"]
[SourceDate "2017.10.13"]
[SourceVersion "1"]
[SourceVersionDate "2017.10.13"]
[SourceQuality "1"]

1. e4 Nf6 2. e5 Nd5 3. d4 d6 4. Nf3 dxe5 5. Nxe5 c6 6. c4 Nb4 7. Be3 Bf5 8. Nd3 e5 9. Nxb4 Bxb4+ 10. Nc3 exd4 11. Qxd4 0-0 12. Rd1 Qxd4 13. Rxd4 Re8 14. Rf4 Be6 15. Be2 Bd6 16. Rd4 Bc5 17. Re4 Bxe3 18. Rxe3 Nd7 19. 0-0 Nf6 20. Rd1 Rad8 21. Red3 Rxd3 22. Bxd3 Kf8 23. b3 Rd8 24. g3 Bg4 25. Rd2 Bf5 26. Bxf5 Rxd2 27. Kg2 Ke7 28. Kf3 g6 29. Ke3 Rd6 30. Bh3 b6 31. b4 b5 32. c5 Nd5+ 33. Nxd5+ Rxd5 34. Bg2 Re5+ 35. Kd4 Re2 36. Bxc6 Rxa2 37. Bxb5 Rxf2 38. Kd5 Rxh2 39. Ba6 Rc2 40. Kc6 h5 41. Kb7 Kd8 42. Kxa7 g5 43. Kb7 h4 44. gxh4 gxh4 45. Bf1 f5 46. c6 Rc1 47. Bh3 f4 48. b5 Rc3 49. b6 1-0

[Event "London Golders Green op 4th"]
[Site "London"]
[Date "2014.08.23"]
[Round "2"]
[White "Grey, Nicholas D"]
[Black "Shaw, Matthew H"]
[Result "1-0"]
[WhiteElo "1750"]
[BlackElo "1896"]
[PlyCount "55"]
[EventDate "2014.08.23"]
[EventType "swiss"]
[EventRounds "6"]
[EventCountry "ENG"]
[SourceTitle "EXT 2018"]
[Source "ChessBase"]
[SourceDate "2017.10.13"]
[SourceVersion "1"]
[SourceVersionDate "2017.10.13"]
[SourceQuality "1"]

1. e4 e6 2. d4 d5 3. Nc3 Nf6 4. e5 Nfd7 5. Nce2 c5 6. c3 Nc6 7. f4 b6 8. Nf3 Ba6 9. Ng3 Bxf1 10. Rxf1 cxd4 11. cxd4 g6 12. a3 Na5 13. f5 gxf5 14. Ng5 h6 15. Qh5 hxg5 16. Qxh8 Qe7 17. Qh5 f4 18. Ne2 Nb3 19. Rb1 Rc8 20. Rf3 Na5 21. g3 Nxe5 22. dxe5 Qb7 23. gxf4 g4 24. Qxg4 d4 25. f5 d3 26. Rxd3 exf5 27. Qf3 Qe7 28. Bf4 1-0

[Event "London Golders Green op 4th"]
[Site "London"]
[Date "2014.08.23"]
[Round "1"]
[White "Shaw, Matthew H"]
[Black "Villiers, Thomas"]
[Result "0-1"]
[WhiteElo "1896"]
[BlackElo "2068"]
[PlyCount "96"]
[EventDate "2014.08.23"]
[EventType "swiss"]
[EventRounds "6"]
[EventCountry "ENG"]
[SourceTitle "EXT 2018"]
[Source "ChessBase"]
[SourceDate "2017.10.13"]
[SourceVersion "1"]
[SourceVersionDate "2017.10.13"]
[SourceQuality "1"]

1. e4 Nf6 2. e5 Nd5 3. d4 d6 4. Nf3 Bg4 5. Be2 e6 6. c4 Nb6 7. exd6 cxd6 8. 0-0 Be7 9. Nc3 0-0 10. Bf4 N8d7 11. b3 Nf6 12. a4 a6 13. a5 Nbd7 14. Re1 Re8 15. h3 Bh5 16. Be3 d5 17. c5 Bxf3 18. Bxf3 Nb8 19. Bf4 Nc6 20. Na4 Nd7 21. Nb6 Nxb6 22. axb6 Bf6 23. Ra4 Qd7 24. Qd3 Rad8 25. Bc7 Rc8 26. Bd1 g6 27. g3 Bg7 28. Bf3 Bf6 29. h4 Bd8 30. Bf4 Bf6 31. Kg2 h5 32. g4 hxg4 33. Bxg4 Bxh4 34. Rh1 Qe7 35. Qh3 g5 36. Bxg5 Qxg5 37. Qxh4 Qxh4 38. Rxh4 Kg7 39. Be2 Rh8 40. Rg4+ Kf6 41. b4 Rcg8 42. b5 axb5 43. Ra3 Nxd4 44. Bf3 Nxf3 45. Kxf3 Rh3+ 46. Rg3 Rhxg3+ 47. fxg3 b4 48. Ra4 Rc8 0-1

[Event "London Golders Green op 3rd"]
[Site "London"]
[Date "2014.05.03"]
[Round "2"]
[White "Steiner, Matthias"]
[Black "Shaw, Matthew H"]
[Result "1-0"]
[WhiteElo "2078"]
[BlackElo "1918"]
[PlyCount "76"]
[EventDate "2014.05.03"]
[EventType "swiss"]
[EventRounds "6"]
[EventCountry "ENG"]
[SourceTitle "EXT 2018"]
[Source "ChessBase"]
[SourceDate "2017.10.13"]
[SourceVersion "1"]
[SourceVersionDate "2017.10.13"]
[SourceQuality "1"]

1. d4 Nf6 2. c4 g6 3. Nc3 Bg7 4. e4 d6 5. Nf3 0-0 6. Be2 e5 7. 0-0 Nc6 8. d5 Ne7 9. b4 a5 10. Ba3 axb4 11. Bxb4 Nh5 12. c5 f5 13. Nd2 Nf4 14. cxd6 cxd6 15. Nc4 Nxe2+ 16. Qxe2 Ra6 17. Nb5 fxe4 18. Bxd6 Bd7 19. Nc3 b5 20. Bxe7 Qxe7 21. Ne3 Qb4 22. Rfc1 Raf6 23. Ncd1 Qd4 24. Rab1 Bh6 25. Rb3 b4 26. Rc4 Qa1 27. Qb2 Qxb2 28. Rxb2 Bb5 29. Rcxb4 Bd3 30. Ng4 e3 31. Nxh6+ Kg7 32. Nxe3 Rc8 33. h3 Kxh6 34. Ng4+ Kg7 35. Nxf6 Kxf6 36. Rd2 Rc3 37. a4 e4 38. Ra2 Ke5 1-0

[Event "BCF-chT3S 1314 (4NCL)"]
[Site "England"]
[Date "2014.02.15"]
[Round "5.139"]
[White "Taylor, Dale C"]
[Black "Shaw, Matthew H"]
[Result "1-0"]
[WhiteElo "1937"]
[BlackElo "1926"]
[PlyCount "91"]
[EventDate "2013.11.16"]
[EventType "team-swiss"]
[EventRounds "6"]
[EventCountry "ENG"]
[SourceTitle "EXT 2015"]
[Source "ChessBase"]
[SourceDate "2014.11.20"]
[SourceVersion "1"]
[SourceVersionDate "2014.11.20"]
[SourceQuality "1"]
[WhiteTeam "e2e4.org.uk III"]
[BlackTeam "BCM Hippos III"]
[WhiteTeamCountry "ENG"]
[BlackTeamCountry "ENG"]

1. Nf3 Nf6 2. c4 g6 3. Nc3 Bg7 4. g3 0-0 5. Bg2 d6 6. 0-0 Nc6 7. d4 a6 8. h3 Bd7 9. Be3 e5 10. Rc1 Rb8 11. b3 b5 12. cxb5 axb5 13. dxe5 dxe5 14. Bc5 Re8 15. b4 Bh6 16. e3 Be6 17. Nd2 Qd7 18. Nde4 Nxe4 19. Nxe4 Bg7 20. Ng5 Nd8 21. Ba7 Rc8 22. Nxe6 Qxe6 23. Qd5 Qa6 24. Bc5 Ne6 25. Qb3 Red8 26. Bd5 Re8 27. Rfd1 Bf8 28. Bxf8 Kxf8 29. Rc6 Qa4 30. Rdc1 Qxb3 31. Bxb3 Re7 32. Bxe6 fxe6 33. R1c5 Kf7 34. Rxb5 Ra8 35. Ra5 Rh8 36. b5 Kf6 37. a4 Kf5 38. Ra7 Ke4 39. Kg2 Kd5 40. Rcxc7 Ree8 41. Rxh7 Ke4 42. g4 Ref8 43. Rhf7 Rd8 44. Rfd7 Rdf8 45. Rac7 Rc8 46. Rxc8 1-0

[Event "BCF-chT3S 1314 (4NCL)"]
[Site "England"]
[Date "2013.11.16"]
[Round "1.99"]
[White "Gibson, Christopher A"]
[Black "Shaw, Matthew H"]
[Result "0-1"]
[WhiteElo "2013"]
[BlackElo "1902"]
[PlyCount "58"]
[EventDate "2013.11.16"]
[EventType "team-swiss"]
[EventRounds "6"]
[EventCountry "ENG"]
[SourceTitle "CBM 157 Extra"]
[Source "ChessBase"]
[SourceDate "2013.12.19"]
[SourceVersion "1"]
[SourceVersionDate "2013.12.19"]
[SourceQuality "1"]
[WhiteTeam "The Rookies"]
[BlackTeam "BCM Bison IV"]
[WhiteTeamCountry "ENG"]
[BlackTeamCountry "ENG"]

1. d4 Nf6 2. c4 g6 3. Nc3 Bg7 4. e4 d6 5. f3 0-0 6. Be3 Nbd7 7. Nh3 a6 8. Qd2 c5 9. d5 Qa5 10. Nf2 b5 11. cxb5 Nb6 12. Be2 Nfd7 13. Bh6 Bxh6 14. Qxh6 axb5 15. Bxb5 Ba6 16. Bxa6 Qxa6 17. Qd2 Nc4 18. Qe2 Rfb8 19. Nfd1 Nxb2 20. Qc2 Ne5 21. Kf2 Qc4 22. Kg3 Ned3 23. h3 Qd4 24. Kh2 Qe5+ 25. Kg1 Qd4+ 26. Kh2 Qe5+ 27. Kg1 Ne1 28. Qc1 Qg3 29. Ne3 Nbd3 0-1

[Event "High Wycombe e2e4 op U2050"]
[Site "High Wycombe"]
[Date "2013.10.12"]
[Round "2"]
[White "Watson, Darrell"]
[Black "Shaw, Matthew H"]
[Result "1-0"]
[WhiteElo "1711"]
[BlackElo "1926"]
[PlyCount "115"]
[EventDate "2013.10.11"]
[EventType "swiss"]
[EventRounds "5"]
[EventCountry "ENG"]
[SourceTitle "EXT 2015"]
[Source "ChessBase"]
[SourceDate "2014.11.20"]
[SourceVersion "1"]
[SourceVersionDate "2014.11.20"]
[SourceQuality "1"]

1. e4 e6 2. d4 d5 3. e5 c5 4. c3 Nc6 5. Nf3 Bd7 6. Be2 Nge7 7. Na3 Nf5 8. Nc2 cxd4 9. cxd4 Be7 10. 0-0 Qb6 11. a3 Na5 12. Ne3 Nb3 13. Nxf5 exf5 14. Rb1 Nxc1 15. Qxc1 Rc8 16. Qd2 0-0 17. Bd3 h6 18. b4 g5 19. a4 g4 20. a5 Qg6 21. Ne1 Qh5 22. f4 Rc7 23. Nc2 Rfc8 24. Ne3 Be6 25. b5 Rc3 26. Rfc1 Bb4 27. Rxc3 Bxc3 28. Qe2 Bxd4 29. Kh1 Qg6 30. Rd1 Bc3 31. a6 b6 32. Bb1 d4 33. Nf1 Bc4 34. Bd3 Bd5 35. Ng3 Be6 36. Rf1 h5 37. Qd1 h4 38. Ne2 Bd5 39. Qb1 h3 40. Rf2 hxg2+ 41. Kg1 Qh6 42. Bxf5 Rc7 43. Be4 Qe6 44. Rxg2 f5 45. Bxd5 Qxd5 46. Qxf5 Rg7 47. Qc8+ Kh7 48. Rxg4 Rxg4+ 49. Qxg4 Qxb5 50. Qh5+ Kg8 51. Qg5+ Kh8 52. Qf6+ Kh7 53. Qf7+ Kh8 54. Qe8+ Kh7 55. Qd7+ Kh8 56. Qe8+ Kh7 57. Qh5+ Kg8 58. Qg6+ 1-0

[Event "BCF-chT3S 1213 (4NCL)"]
[Site "England"]
[Date "2013.02.23"]
[Round "5.176"]
[White "Hope, Gary"]
[Black "Shaw, Matthew H"]
[Result "0-1"]
[WhiteElo "1921"]
[BlackElo "1915"]
[PlyCount "92"]
[EventDate "2012.11.03"]
[EventType "team-swiss"]
[EventRounds "6"]
[EventCountry "ENG"]
[SourceTitle "EXT 2014"]
[Source "ChessBase"]
[SourceDate "2013.11.20"]
[SourceVersion "1"]
[SourceVersionDate "2013.11.20"]
[SourceQuality "1"]
[WhiteTeam "Halesowen"]
[BlackTeam "BCM Hippos III"]
[WhiteTeamCountry "ENG"]
[BlackTeamCountry "ENG"]

1. e4 e6 2. d4 d5 3. Nd2 Nf6 4. e5 Nfd7 5. Bd3 c5 6. c3 Nc6 7. Ngf3 cxd4 8. cxd4 f6 9. exf6 Qxf6 10. Nb3 h6 11. 0-0 Bd6 12. Qe2 0-0 13. Bd2 e5 14. dxe5 Ndxe5 15. Nxe5 Bxe5 16. Rab1 Qh4 17. g3 Qh3 18. f4 Bc7 19. Qg2 Bb6+ 20. Kh1 Qh5 21. Be2 Qg6 22. Bf3 d4 23. Rfe1 Bf5 24. Bd5+ Kh8 25. Be4 Rae8 26. Bxf5 Qxf5 27. Rbc1 a5 28. Rxe8 Rxe8 29. Re1 Rxe1+ 30. Bxe1 Qe6 31. Bd2 Qc4 32. h3 Qc2 33. Bc1 Qb1 34. a4 Qd3 35. Nd2 Qc2 36. Qf1 Nb4 37. Nf3 Qxa4 38. Kh2 Qc2+ 39. Kh1 Nd3 40. Bd2 Nxb2 41. Qb5 Qc6 42. Qxc6 bxc6 43. Ne5 a4 44. Bb4 c5 45. Ba3 d3 46. Nf3 Nc4 0-1

[Event "Hampstead op U2200 02"]
[Site "Hampstead"]
[Date "2013.02.16"]
[Round "3"]
[White "Shaw, Matthew H"]
[Black "Willmoth, Robert"]
[Result "0-1"]
[WhiteElo "1915"]
[BlackElo "2151"]
[PlyCount "66"]
[EventDate "2013.02.16"]
[EventType "swiss"]
[EventRounds "5"]
[EventCountry "ENG"]
[SourceTitle "EXT 2014"]
[Source "ChessBase"]
[SourceDate "2013.11.20"]
[SourceVersion "1"]
[SourceVersionDate "2013.11.20"]
[SourceQuality "1"]

1. e4 e6 2. d4 d5 3. Nd2 c5 4. exd5 Qxd5 5. Ngf3 cxd4 6. Bc4 Qd6 7. 0-0 Nf6 8. Re1 Nc6 9. Ne4 Qb4 10. Nxf6+ gxf6 11. b3 Bg7 12. Bb2 Bd7 13. Nxd4 0-0-0 14. Nb5 Be8 15. Qg4 Rg8 16. Nxa7+ Kb8 17. Nb5 Ne5 18. Bxe5+ fxe5 19. c3 Qc5 20. a4 Bc6 21. b4 Qe7 22. Bf1 f5 23. Qh3 f4 24. Rad1 Rdf8 25. Qd3 Bf6 26. Qd6+ Qxd6 27. Rxd6 Bxg2 28. Bxg2 f3 29. Rd3 fxg2 30. Nd6 Bg5 31. Ne4 Bf4 32. Ng3 Rc8 33. Kxg2 h5 0-1

[Event "BCF-chT3S 1213 (4NCL)"]
[Site "England"]
[Date "2013.01.12"]
[Round "3.117"]
[White "Piper, Stephen J"]
[Black "Shaw, Matthew H"]
[Result "1-0"]
[WhiteElo "2057"]
[BlackElo "1922"]
[PlyCount "69"]
[EventDate "2012.11.03"]
[EventType "team-swiss"]
[EventRounds "6"]
[EventCountry "ENG"]
[SourceTitle "EXT 2014"]
[Source "ChessBase"]
[SourceDate "2013.11.20"]
[SourceVersion "1"]
[SourceVersionDate "2013.11.20"]
[SourceQuality "1"]
[WhiteTeam "The Rookies"]
[BlackTeam "BCM Hippos III"]
[WhiteTeamCountry "ENG"]
[BlackTeamCountry "ENG"]

1. Nf3 Nf6 2. c4 g6 3. Nc3 Bg7 4. g3 0-0 5. Bg2 Nc6 6. d4 d6 7. 0-0 a6 8. e4 Bg4 9. h3 Bxf3 10. Bxf3 e5 11. d5 Nd4 12. Bg2 c6 13. Ne2 Nd7 14. Nxd4 exd4 15. dxc6 bxc6 16. f4 Qb6 17. Kh2 Nc5 18. Rb1 Qb4 19. b3 Rab8 20. a3 Qc3 21. Bd2 Qd3 22. Bb4 Rfd8 23. Qxd3 Nxd3 24. Ba5 Re8 25. Bc7 Rbc8 26. Bxd6 Bf8 27. Bxf8 Kxf8 28. b4 f5 29. e5 Nxe5 30. fxe5 Rxe5 31. Rfe1 Rxe1 32. Rxe1 c5 33. Bd5 Rc7 34. Re6 a5 35. b5 1-0

[Event "Margate Thanet op"]
[Site "Margate"]
[Date "2012.08.18"]
[Round "2"]
[White "Rayner, Francis"]
[Black "Shaw, Matthew H"]
[Result "1/2-1/2"]
[WhiteElo "2160"]
[BlackElo "1935"]
[PlyCount "64"]
[EventDate "2012.08.17"]
[EventType "swiss"]
[EventRounds "5"]
[EventCountry "ENG"]
[SourceTitle "EXT 2019"]
[Source "ChessBase"]
[SourceDate "2018.10.10"]
[SourceVersion "1"]
[SourceVersionDate "2018.10.10"]
[SourceQuality "1"]

1. e4 e6 2. d4 d5 3. Nc3 Nf6 4. e5 Nfd7 5. f4 c5 6. Nf3 Nc6 7. Be3 cxd4 8. Nxd4 Bc5 9. Qd2 0-0 10. 0-0-0 a6 11. h4 Nxd4 12. Bxd4 b5 13. h5 b4 14. Na4 Bxd4 15. Qxd4 Qa5 16. b3 Bb7 17. Kb1 Bc6 18. Nb2 Qc5 19. h6 g6 20. g4 a5 21. Bg2 a4 22. Qxc5 Nxc5 23. Rd4 Rfb8 24. Nd3 Nxd3 25. Rxd3 Bb5 26. Rd2 Ra7 27. Rhd1 Rc7 28. Be4 Rbc8 29. Bg2 Rc3 30. Bf1 Bxf1 31. Rxf1 a3 32. g5 Kf8 1/2-1/2

[Event "BCF-chT3 1112 (4NCL)"]
[Site "England"]
[Date "2012.05.06"]
[Round "10.178"]
[White "Feavyour, John"]
[Black "Shaw, Matthew H"]
[Result "1-0"]
[WhiteElo "2075"]
[BlackElo "1915"]
[PlyCount "95"]
[EventDate "2011.11.12"]
[EventType "team-swiss"]
[EventRounds "11"]
[EventCountry "ENG"]
[SourceTitle "EXT 2013"]
[Source "ChessBase"]
[SourceDate "2012.11.22"]
[SourceVersion "1"]
[SourceVersionDate "2012.11.22"]
[SourceQuality "1"]
[WhiteTeam "Iceni"]
[BlackTeam "AMCA Cheetahs"]
[WhiteTeamCountry "ENG"]
[BlackTeamCountry "ENG"]

1. d4 Nf6 2. c4 g6 3. Nc3 Bg7 4. Nf3 0-0 5. g3 d6 6. Bg2 Nc6 7. 0-0 a6 8. e4 Bg4 9. h3 Bxf3 10. Bxf3 Nd7 11. Be3 e5 12. d5 Nd4 13. Bg2 c5 14. dxc6 bxc6 15. Qd2 Rb8 16. b3 c5 17. Rad1 Nb6 18. f4 a5 19. f5 a4 20. Nxa4 Nxa4 21. bxa4 f6 22. Rb1 Qd7 23. Bxd4 cxd4 24. Rb5 Rfc8 25. Qb4 Ra8 26. Bf3 Qc6 27. fxg6 Qxc4 28. gxh7+ Kxh7 29. Qxc4 Rxc4 30. Bd1 Rc3 31. Kg2 Ra6 32. Rb7 Kg6 33. Rf5 Re3 34. Bh5+ Kh6 35. Bf7 Bf8 36. Rh5+ Kg7 37. Be8+ Kg8 38. Bb5 Ra5 39. Rh4 d3 40. Kf2 d2 41. Be2 Rd3 42. Bd1 Ra8 43. Rg4+ Kh8 44. Ke2 Rd4 45. Rh4+ Kg8 46. Bb3+ d5 47. Bxd5+ Rxd5 48. exd5 1-0

[Event "BCF-chT3S 1112 (4NCL)"]
[Site "England"]
[Date "2012.02.12"]
[Round "6.6"]
[White "Shaw, Matthew H"]
[Black "Bromilow, Edward"]
[Result "1/2-1/2"]
[WhiteElo "1915"]
[BlackElo "1872"]
[PlyCount "81"]
[EventDate "2011.11.12"]
[EventType "team-swiss"]
[EventRounds "6"]
[EventCountry "ENG"]
[SourceTitle "EXT 2013"]
[Source "ChessBase"]
[SourceDate "2012.11.22"]
[SourceVersion "1"]
[SourceVersionDate "2012.11.22"]
[SourceQuality "1"]
[WhiteTeam "AMCA Hippos"]
[BlackTeam "Bristol II"]
[WhiteTeamCountry "ENG"]
[BlackTeamCountry "ENG"]

1. e4 c6 2. d4 d5 3. e5 Bf5 4. c4 dxc4 5. Bxc4 e6 6. Ne2 Nd7 7. Ng3 Bg6 8. Nc3 Nb6 9. Bb3 Ne7 10. Bg5 h6 11. Bh4 Qd7 12. 0-0 Nf5 13. Nxf5 Bxf5 14. Rc1 g5 15. Bg3 h5 16. h4 Be7 17. hxg5 Bxg5 18. f4 Be7 19. Bf2 Nd5 20. Nxd5 exd5 21. Bc2 0-0-0 22. Bd3 Rdg8 23. Bxf5 Qxf5 24. Rc3 h4 25. Qd3 Qxf4 26. Qf3 Qg5 27. Qxd5 Qg6 28. Rfc1 Kb8 29. Qf3 Rh5 30. d5 Rg5 31. dxc6 Rxg2+ 32. Kf1 bxc6 33. Rb3+ Kc7 34. Rxc6+ Qxc6 35. Rc3 Qxc3 36. Qxc3+ Kd7 37. Bxa7 R8g3 38. Qd4+ Ke8 39. Qd5 Rxb2 40. Qa8+ Kd7 41. Qd5+ 1/2-1/2

[Event "Sunningdale e2e4 op"]
[Site "Ascot"]
[Date "2011.05.28"]
[Round "2"]
[White "Shaw, Matthew H"]
[Black "Brocklehurst, Andrew"]
[Result "1/2-1/2"]
[WhiteElo "1933"]
[BlackElo "2122"]
[PlyCount "46"]
[EventDate "2011.05.27"]
[EventType "swiss"]
[EventRounds "7"]
[EventCountry "ENG"]
[SourceTitle "CBM 142 Extra"]
[Source "ChessBase"]
[SourceDate "2011.06.27"]
[SourceVersion "1"]
[SourceVersionDate "2011.06.27"]
[SourceQuality "1"]

1. e4 c5 2. Nf3 d6 3. d4 cxd4 4. Nxd4 e5 5. Nf3 Be7 6. Bc4 Nf6 7. Nc3 0-0 8. Bg5 Nc6 9. Qd2 Bg4 10. Be3 Rc8 11. Bb3 b5 12. Qd3 a6 13. a4 Nb4 14. Qd2 bxa4 15. Rxa4 a5 16. 0-0 Bd7 17. Raa1 Bc6 18. Bd5 Nbxd5 19. Nxd5 Nxe4 20. Qxa5 Bxd5 21. Qxd5 Nf6 22. Qd2 Ne4 23. Qd3 Nf6 1/2-1/2

[Event "Uxbridge e2e4 op"]
[Site "Denham"]
[Date "2011.03.19"]
[Round "3"]
[White "Shaw, Matthew H"]
[Black "Clarke, Brandon GI"]
[Result "0-1"]
[WhiteElo "1919"]
[BlackElo "2110"]
[PlyCount "26"]
[EventDate "2011.03.18"]
[EventType "swiss"]
[EventRounds "5"]
[EventCountry "ENG"]
[SourceTitle "CBM 141 Extra"]
[Source "ChessBase"]
[SourceDate "2011.05.03"]
[SourceVersion "1"]
[SourceVersionDate "2011.05.03"]
[SourceQuality "1"]

1. e4 e6 2. d4 d5 3. Nd2 Nc6 4. Ngf3 Nf6 5. e5 Nd7 6. Bd3 f6 7. Ng5 Ndxe5 8. dxe5 fxg5 9. Qh5+ g6 10. Bxg6+ Kd7 11. f4 gxf4 12. Nf3 hxg6 13. Qxh8 Bb4+ 0-1

[Event "BCF-chT2b 0910 (4NCL)"]
[Site "England"]
[Date "2010.03.27"]
[Round "7.5"]
[White "Shaw, Matthew H"]
[Black "McCorry, Robert T"]
[Result "1/2-1/2"]
[WhiteElo "1956"]
[BlackElo "2061"]
[PlyCount "83"]
[EventDate "2009.10.24"]
[EventType "team-tourn"]
[EventRounds "11"]
[EventCountry "ENG"]
[SourceTitle "EXT 2010"]
[Source "ChessBase"]
[SourceDate "2010.11.25"]
[SourceVersion "1"]
[SourceVersionDate "2010.11.25"]
[SourceQuality "1"]
[WhiteTeam "Guildford III"]
[BlackTeam "Poisoned Pawns II"]
[WhiteTeamCountry "ENG"]
[BlackTeamCountry "ENG"]

1. e4 e5 2. Nf3 Nc6 3. Bb5 a6 4. Ba4 Nf6 5. 0-0 b5 6. Bb3 Bc5 7. c3 d6 8. d4 Bb6 9. Qd3 0-0 10. a4 Bg4 11. Nbd2 exd4 12. axb5 axb5 13. Rxa8 Qxa8 14. Nxd4 Nxd4 15. cxd4 Qa7 16. e5 Nd7 17. h3 Be6 18. Bxe6 fxe6 19. Qxb5 Rf7 20. Ne4 Bxd4 21. Ng5 Re7 22. exd6 cxd6 23. Qd3 Nf6 24. Nf3 Bc5 25. Bd2 e5 26. b4 Bd4 27. Nxd4 Qxd4 28. Qxd4 exd4 29. Bf4 Rd7 30. Rd1 Nd5 31. Rxd4 Nxf4 32. Rxf4 Rb7 33. Kf1 g5 34. Re4 Kf7 35. Ke2 Kf6 36. Ke3 h5 37. g4 hxg4 38. hxg4 d5 39. Rd4 Ke5 40. Kd3 Ra7 41. Ke3 Ra1 42. f3 1/2-1/2

[Event "BCF-chT3 0910 (4NCL)"]
[Site "England"]
[Date "2009.10.25"]
[Round "2.3"]
[White "Shaw, Matthew H"]
[Black "Weaving, Richard"]
[Result "1-0"]
[WhiteElo "1956"]
[BlackElo "2098"]
[PlyCount "57"]
[EventDate "2009.10.24"]
[EventType "team-tourn"]
[EventRounds "11"]
[EventCountry "ENG"]
[SourceTitle "EXT 2011"]
[Source "ChessBase"]
[SourceDate "2010.11.26"]
[SourceVersion "1"]
[SourceVersionDate "2010.11.26"]
[SourceQuality "1"]
[WhiteTeam "Guildford"]
[BlackTeam "Warwicks Select II"]
[WhiteTeamCountry "ENG"]
[BlackTeamCountry "ENG"]

1. e4 e5 2. Nf3 Nc6 3. Bb5 Nf6 4. 0-0 Bc5 5. c3 0-0 6. d4 Bb6 7. Bg5 h6 8. Bh4 d6 9. d5 Ne7 10. Bxf6 gxf6 11. Nh4 f5 12. exf5 Nxf5 13. Nxf5 Bxf5 14. Qh5 Qf6 15. Nd2 Kh7 16. Qf3 Qg6 17. Rae1 a6 18. Bc4 Rg8 19. Ne4 Bxe4 20. Rxe4 f5 21. Rh4 Raf8 22. Kh1 e4 23. Qg3 Qf6 24. Qf4 Rg6 25. Be2 Rfg8 26. Rg1 Qe5 27. Bh5 Rg5 28. Bf7 R8g7 29. Rxh6+ 1-0

[Event "BCF-chT3 0809 (4NCL)"]
[Site "Hinckley Island"]
[Date "2009.02.07"]
[Round "5.4"]
[White "Shaw, Matthew H"]
[Black "Lee, Richard WY"]
[Result "0-1"]
[WhiteElo "1925"]
[BlackElo "1985"]
[PlyCount "86"]
[EventDate "2008.10.18"]
[EventType "team-swiss"]
[EventRounds "11"]
[EventCountry "ENG"]
[SourceTitle "EXT 2010"]
[Source "ChessBase"]
[SourceDate "2010.11.25"]
[SourceVersion "1"]
[SourceVersionDate "2010.11.25"]
[SourceQuality "1"]
[WhiteTeam "Guildford V"]
[BlackTeam "Cambridge II"]
[WhiteTeamCountry "ENG"]
[BlackTeamCountry "ENG"]

1. e4 c5 2. Nf3 d6 3. d4 cxd4 4. Nxd4 Nf6 5. Nc3 e6 6. Bg5 h6 7. Bh4 Be7 8. Bg3 0-0 9. Be2 Nc6 10. Qd2 Qb6 11. 0-0-0 Rd8 12. Kb1 a6 13. f4 Nxd4 14. Qxd4 Qxd4 15. Rxd4 Bd7 16. Rhd1 Bc6 17. Bf3 Rac8 18. e5 dxe5 19. Rxd8+ Rxd8 20. Rxd8+ Bxd8 21. Bxc6 bxc6 22. fxe5 Nh5 23. Bf2 Nf4 24. g3 Ng6 25. Bd4 Bc7 26. Ne4 Nxe5 27. Nc5 a5 28. Na6 Bd6 29. Bc5 Nc4 30. b3 Bxc5 31. Nxc5 Nd6 32. Kb2 e5 33. Ka3 e4 34. Ka4 e3 35. Kxa5 Nb7+ 36. Kb4 Nxc5 37. Kc3 f5 38. b4 Kf7 39. bxc5 g5 40. Kd3 f4 41. gxf4 gxf4 42. h4 Ke7 43. h5 Kd7 0-1

[Event "BCF-chT4 0708 (4NCL)"]
[Site "England"]
[Date "2008.02.09"]
[Round "5.1"]
[White "Haydon, David Leslie"]
[Black "Shaw, Matthew H"]
[Result "1-0"]
[WhiteElo "2108"]
[BlackElo "1935"]
[PlyCount "83"]
[EventDate "2007.09.15"]
[EventType "team-swiss"]
[EventRounds "11"]
[EventCountry "ENG"]
[SourceTitle "EXT 2009"]
[Source "ChessBase"]
[SourceDate "2008.11.26"]
[SourceVersion "1"]
[SourceVersionDate "2008.11.26"]
[SourceQuality "1"]
[WhiteTeam "Southern Counties Stars"]
[BlackTeam "Guildford V"]
[WhiteTeamCountry "ENG"]
[BlackTeamCountry "ENG"]

1. d4 Nf6 2. Bg5 g6 3. Bxf6 exf6 4. e3 Bg7 5. Nf3 d5 6. c4 0-0 7. Nc3 dxc4 8. Bxc4 c6 9. a3 a5 10. b4 axb4 11. axb4 Rxa1 12. Qxa1 Bg4 13. Nd2 f5 14. Qa7 Re8 15. 0-0 Re7 16. Be2 b6 17. Qa8 Qc7 18. Bxg4 fxg4 19. b5 Bf8 20. bxc6 Qxc6 21. Qxc6 Nxc6 22. Nc4 Rb7 23. Rb1 Nb4 24. Nb5 Nc6 25. g3 Kg7 26. e4 Kf6 27. Ne3 h5 28. Nd5+ Ke6 29. Rc1 Ne7 30. Nf4+ Kd7 31. d5 Bh6 32. Kf1 Bxf4 33. gxf4 f5 34. d6 Nc6 35. e5 g5 36. e6+ Kxe6 37. Rxc6 gxf4 38. Ke2 h4 39. Rc4 f3+ 40. Ke3 Kd7 41. Kf4 Ke6 42. Rc8 1-0